| 000 | 00899cam a22002771i 4500 | ||
|---|---|---|---|
| 001 | 000016272 | ||
| 003 | DO-SdBNP | ||
| 005 | 20250225111112.0 | ||
| 007 | ta | ||
| 008 | 250225s2010 dr 000 0 spa d | ||
| 020 | _a9781496430304 (diseño RD) | ||
| 040 |
_aDO-SdBNP _bspa _cBNPHU _erda |
||
| 082 | 4 |
_a220.56 _bS231 _222 |
|
| 245 | 1 | 0 |
_aSanta biblia : _bnueva traducción viviente / |
| 260 |
_aLondon : _bSociedad Bíblica Trinitaria, _c[1960]. |
||
| 264 | 4 |
_aIllinois, Estados Unidos : _bTyndale House Foundation, _c2010. |
|
| 300 |
_a1010 páginas _c22 cm. |
||
| 336 |
_atexto _btxt _2rdacontent |
||
| 337 |
_asin mediación _bn _2rdamedia |
||
| 338 |
_avolumen _bnc _2rdacarrier |
||
| 500 | _aLa biblioteca posee los ejemplares con el diseño de RD. | ||
| 590 | _aInventariado, 2025/ YL | ||
| 650 | 4 |
_aBiblia. _xVersion en español _987056 |
|
| 910 | _aYLockward | ||
| 942 |
_2ddc _cLBS1 |
||
| 999 |
_c58225 _d58225 |
||